000 00383nam a2200133Ia 4500
008 170516s9999 xx 000 0 und d
245 2 _aA Synergistic Therapeutic Scheme for Hyperglycemia and Nephrotic Disorders in Diabetes
260 _bTheranostics
260 _c2014
300 _a4:5
650 _xMedical Technology
650 _xMedtech
856 _uhttp://www.thno.org/v4i5
999 _c329943
_d329943